000 00606cam a22002051 4500
001 ne 63000461
003 DLC
005 20260227111742.0
008 900703s1962 ua a 000 1 ararc
010 _ane 63000461
035 _a(OCoLC)21958625
040 _aPrinceton Univ. Libr.
_cWaU
_dDLC
042 _apremarc
050 0 0 _aPJ7832.A8
_bL3
100 1 _aHawwārī, Yāsir.
245 1 0 _aLan yakūna wadāʻ
_c[taʼlīf] Yāsir Hawwārī.
250 _a[al-Ṭabʻah al-ūlá]
260 _a[Bayrūt,
_bal-Maktab al-Tijārī lil-Ṭibāʻah wa-al-Nashr,
_c1962]
300 _a172 p.
_billus.
_c20 cm.
999 _c45647
_d45647